| 000 | 00842nam a2200241 i 4500 | ||
|---|---|---|---|
| 001 | 13277 | ||
| 003 | ES-MaACL | ||
| 005 | 20230906150535.0 | ||
| 007 | t| | ||
| 008 | 980121s1997 sp ||||1| spa d | ||
| 020 | _a84-89727-43-0 | ||
| 080 | _a1 Zambrano, María | ||
| 080 | _a860 Zambrano, María 1.06 | ||
| 100 | 1 |
_aMaillard, María Luisa. _975577 |
|
| 245 | 1 | 0 |
_aMaría Zambrano _b: la literatura como conocimiento y participación / _cMaría Luisa Maillard. |
| 260 |
_a[S.l.] : _bUniversitad de Lleida, _cD.L. 1997. |
||
| 300 |
_a297 p. ; _c20 cm. |
||
| 490 | 1 |
_aEnsayos/Scriptura ; _v6 |
|
| 600 | 1 | 4 |
_aZambrano, María, 1904-1991- _xCrítica e interpretación _9117916 |
| 830 | 0 |
_aEnsayos/Scriptura ; _v6 _9228396 |
|
| 852 |
_aES-MaACL _jL-20575 _bR.126329 _q. - Ded. autógr. de la autora |
||
| 999 |
_c13277 _d13277 |
||